| 000 | 00343nam a22001457a 4500 | ||
|---|---|---|---|
| 008 | 210609b ||||| |||| 00| 0 eng d | ||
| 020 | _a9780808920038 | ||
| 041 | _aeng | ||
| 080 |
_26th _a611 |
||
| 082 | _a611 | ||
| 100 | _a6 | ||
| 101 | _aANA | ||
| 245 |
_aHuman Physiology and Mechanisms of Disease _cArthur C. Guyton |
||
| 942 |
_2udc _cBK |
||
| 999 |
_c58104 _d58104 |
||